[Event "GER-chT U14 Girls"]
[Site "Stuttgart"]
[Date "2007.12.29"]
[Round "6.4"]
[White "Zimmermann, Lara"]
[Black "Nitzsche, Pia"]
[Result "1-0"]
[WhiteElo "844"]
[BlackElo "1146"]
[PlyCount "69"]
[EventDate "2007.12.27"]
[EventType "team-swiss"]
[EventRounds "7"]
[EventCountry "GER"]
[SourceTitle "EXT 2009"]
[Source "ChessBase"]
[SourceDate "2008.11.26"]
[SourceVersion "1"]
[SourceVersionDate "2008.11.26"]
[SourceQuality "1"]
[WhiteTeam "Endingen U14 Girls"]
[BlackTeam "Chemnitz Aufbau U14 Girls"]
[WhiteTeamCountry "GER"]
[BlackTeamCountry "GER"]

1. e4 c5 2. Nf3 d6 3. d4 cxd4 4. Nxd4 Nf6 5. Nc3 g6 6. Be3 Bg7 7. f3 0-0 8. Bc4 Nc6 9. 0-0 Bd7 10. Qd2 Rc8 11. b3 a6 12. Bd5 Nxd5 13. Nxd5 b5 14. c3 e6 15. Nb4 a5 16. Nbc2 Rb8 17. a4 b4 18. c4 Be5 19. f4 Bg7 20. Rac1 e5 21. Nb5 Nd4 22. Ncxd4 exd4 23. Bxd4 Bxb5 24. axb5 Bh6 25. Qe1 Re8 26. Rd1 Qd7 27. e5 dxe5 28. fxe5 Rbd8 29. e6 Qxe6 30. Qxe6 Rxe6 31. b6 Rb8 32. c5 Rc6 33. Be5 Be3+ 34. Kh1 Rb7 35. Rd8# 1-0